| 000 | 00760nam a2200253Ia 4500 | ||
|---|---|---|---|
| 003 | OSt | ||
| 005 | 20220918220551.0 | ||
| 006 | a|||||r|||| 00| 0 | ||
| 007 | ta | ||
| 008 | 220917b |||||||| |||| 00| 0 eng d | ||
| 024 | _a146,442 | ||
| 037 | _cTextual | ||
| 040 |
_aARTS _cARTS _beng |
||
| 041 |
_2eng _aeng |
||
| 082 | _aYZ12:4:5.73, N0 | ||
| 100 |
_aBarth Richard P _9137829 |
||
| 245 | 0 |
_aPreventing adolescent abuse _b Effective intervention strategies and techniques |
|
| 260 |
_aD _bC Heath and Company Lexington Books _c1990 |
||
| 300 |
_axv, 222p. _ccm. |
||
| 650 | _aSOCIOLOGY | ||
| 700 |
_a Derezotes Davids _9137830 |
||
| 942 |
_hYZ12:4:5.73, N0 _cTEXL _2CC |
||
| 999 |
_c269198 _d269198 |
||